IFM Opac

Tanzania import export directory (Record no. 7308)

MARC details
000 -LEADER
fixed length control field 00444nam a2200145Ia 4500
008 - FIXED-LENGTH DATA ELEMENTS--GENERAL INFORMATION
fixed length control field 150509s9999 xx 000 0 und d
082 ## - DEWEY DECIMAL CLASSIFICATION NUMBER
Classification number REF382.09678025 NAT
100 ## - MAIN ENTRY--PERSONAL NAME
Personal name National Bank of Commerce
245 ## - TITLE STATEMENT
Title Tanzania import export directory
260 ## - PUBLICATION, DISTRIBUTION, ETC.
Place of publication, distribution, etc. Dar es Salaam:
260 ## - PUBLICATION, DISTRIBUTION, ETC.
Name of publisher, distributor, etc. International Banking Department, Trade Promotion Division
260 ## - PUBLICATION, DISTRIBUTION, ETC.
Date of publication, distribution, etc. 1975
300 ## - PHYSICAL DESCRIPTION
Extent xiii, 147p. 29cm.
650 ## - SUBJECT ADDED ENTRY--TOPICAL TERM
Topical term or geographic name entry element International commerce, Directory
Holdings
Withdrawn status Lost status Source of classification or shelving scheme Damaged status Not for loan Collection code Home library Current library Shelving location Date acquired Total Checkouts Full call number Barcode Date last seen Price effective from Koha item type
    Dewey Decimal Classification   Not For Loan Reference IFM Main Campus Library IFM Main Campus Library Archival Collection 05/15/2015   REF382.09678025 NAT 0000012260 05/15/2015 05/15/2015 Reference
    Dewey Decimal Classification   Not For Loan Reference IFM Main Campus Library IFM Main Campus Library Archival Collection 10/16/2015   REF382.09678025 NAT 0000012259 10/16/2015 10/16/2015 Reference
    Dewey Decimal Classification   Not For Loan Reference IFM Main Campus Library IFM Main Campus Library Archival Collection 10/16/2015   REF382.09678025 NAT 0000012261 10/16/2015 10/16/2015 Reference